| 000 | 00752nam a2200181Ia 4500 | ||
|---|---|---|---|
| 008 | 090124s9999 xx 000 0 und d | ||
| 082 | _b19943 | ||
| 100 | _aखुपरेकर बाळाचाऱ्य माधवाचाऱ्य | ||
| 245 | _a श्री सनत्सुजात पर्व | ||
| 250 | _a0 | ||
| 260 |
_bबालोधान प्रेस _c1942 |
||
| 300 | _a52 | ||
| 600 | _aखुपरेकर बाळाचाऱ्य माधवाचाऱ्य | ||
| 630 | _a श्री सनत्सुजात पर्व | ||
| 700 | _aखुपरेकर बाळाचाऱ्य माधवाचाऱ्य | ||
| 730 | _a श्री सनत्सुजात पर्व | ||
| 942 | _cBOOK | ||
| 999 |
_c90184 _d90184 |
||